000 00809cab a2200241 4500
001 ABS53790
008 090401t1995 xxu||||| |||| 00| 0 eng d
035 _a(Sirsi) u6613
041 _aeng
100 _aLewison, K.
245 _aDealing with the problems in assignment of the lease
260 _c1995
350 _a0
490 _aProperty Week
_v53(1) 5 October 1995, 32-33(2)
520 _aDiscusses the case "Friends Provident Life Office v British Railways Board" (WB3131-69) which has pre-empted the effect of the Landlord and Tenant (Covenants) Act 1995.
650 _aASSIGNMENT
650 _aLANDLORD AND TENANT (COVENANTS) ACT 1995
650 _aLEASES
650 _aORIGINAL TENANT LIABILITY
690 _aLANDLORD AND TENANT-BUSINESS TENANCIES
942 _n0
948 _c04/03/1997
999 _c3949
_d3949